Devine les rappeurs édition rap français - Statistiques

Statistiques générales
  • Ce quiz a été pris 172 fois
  • Le résultat moyen est 7 sur 20
Statistiques - réponses
Par images Réponse % Correct
Niska
99%
Lorenzo
77%
La Fouine
76%
NTM
52%
Josman
49%
Luidji
44%
Jyeuhair
36%
Hugo TSR
35%
Casseurs Flowters
34%
Columbine
33%
Joysad
27%
Sniper
25%
Wallace Cleaver
25%
Stupeflip
18%
D.ace
15%
Luther
9%
Deadi
7%
Canardo
5%
David Pistol
1%
Ministère A.M.E.R
1%
Aucun quiz correspondant
Distribution des résultats
% des personnes avec chaque résultat
Percentile par nombre de réponses
Votre historique - résultats
Vous n’avez pas pris ce quiz